00293nam a2200121Ia 4500008004100000041000800041082001200049100001500061245001900076260004100095300002400136365001100160240624s9999 xx 000 0 und d aeng a204 JAM aJAMAL AZIM aCORPORATE SUFI c2006aMumbaibJaico Publishing House a195 : p. : cm. ; 21 cRSb30